Le Monde par lettre - Y - Statistiques

Statistiques générales
  • Ce quiz a été pris 217 fois
  • Le résultat moyen est 6 sur 10
Statistiques - réponses
Indices Réponses % Correct
Oui Yes
98%
Tu en anglais You
97%
Seul pays commençant par Y Yemen
92%
Capitale du Cameroun Yaoundé
75%
Second site Internet le plus visité au monde Youtube.com
74%
Jeu formé de deux disques reliés par un axe Yoyo
65%
Animal dont le nom scientifique est Bos grunniens Yack
56%
Ville en Belgique ayant donné son nom au gaz moutarde (ypérite) Ypres
33%
Ancien joueur des Canadiens de Montréal : ____ Cournoyer Yvan
27%
Moteur de recherche russe Yandex
6%
Aucun quiz correspondant
Distribution des résultats
% des personnes avec chaque résultat
Percentile par nombre de réponses
Votre historique - résultats
Vous n’avez pas pris ce quiz